000 00492nam a2200193Ia 4500
005 20250326143248.0
008 250326s9999 xx 000 0 und d
020 _a1-86197-550-3
037 _aTextbook
040 _aFMSL
_beng
_cFMSL
041 _aeng
_2eng
084 _aX65 P4
_qFMSL
100 _aRyland P
_9747727
245 0 _aInvestment
_cRyland P
260 _aLondon
_bLondon, Economist
_c2004
300 _a228p
942 _cTB
_hX65 P4
999 _c1298822
_d1298822